000 00518nam a2200169Ia 4500
008 190912s9999 xx 000 0 und d
100 _aPunongbayan, Michael
245 _aAgencies to review procedures for better service/
245 _cMichael Punongbayan
260 _bThe Philippine Star
260 _c2018
300 _aAugust 1, page 5
440 _aThe Philippine Star
_v33: 5
650 _aCivil Service Commission
650 _aLaw -- Philippines
650 _aRodrigo Duterte -- President -- Philippines
999 _c362118
_d362118